000 00545nam a2200157 i 4500
001 31248
003 ES-MaACL
005 20230906154338.0
007 t|
008 030128s1952 sp ||||1| spa d
100 1 _aBeigbeder Atienza, Federico.
_927070
245 1 0 _aConversaciones metrológicas entre los sistemas norteamericanos
_b: inglés, métrico decimal, cegesimal y giorgi ... /
_cpor Federico Beigbeder Atienza.
260 _aMadrid :
_bEdiciones Castilla,
_c1952.
300 _a765 p. ;
_c20 cm.
852 _aES-MaACL
_jD-6157
_bR.32566
999 _c31248
_d31248